[Event "Annex op"]
[Site "Toronto CAN"]
[Date "2023.09.03"]
[Round "3"]
[White "Sambuev, Bator"]
[Black "Mendes, Aaron Reeve"]
[Result "1-0"]
[WhiteElo "2480"]
[BlackElo "2250"]
[PlyCount "121"]
[GameId "2160767907047396"]
[EventDate "2023.09.02"]
[EventType "swiss"]
[EventRounds "6"]
[EventCountry "CAN"]
[SourceTitle "CBM 216 Extra"]
[Source "ChessBase"]
[SourceDate "2023.11.30"]
[SourceVersion "1"]
[SourceVersionDate "2023.11.30"]
[SourceQuality "1"]

1. Nf3 d5 2. g3 Nd7 3. Bg2 Nb6 4. O-O Nf6 5. d3 Bf5 6. a4 a5 7. Qe1 c6 8. Bd2 Nbd7 9. Nd4 Bg6 10. Nb3 b6 11. f4 e6 12. e4 dxe4 13. dxe4 Bc5+ 14. Nxc5 Nxc5 15. f5 Bh5 16. h3 Qd4+ 17. Be3 Qxb2 18. Nd2 O-O 19. g4 exf5 20. gxh5 Nxh5 21. Nc4 Qxc2 22. Nxb6 Nb3 23. Rb1 Rad8 24. Rf2 Qd3 25. Rfb2 fxe4 26. Rxb3 Qd6 27. Qf2 Qg6 28. Nc4 f5 29. Bf4 Qf7 30. Ne3 Qf6 31. Rb8 Rxb8 32. Rxb8 Rxb8 33. Bxb8 f4 34. Qa2+ Kh8 35. Ng4 Qd4+ 36. Kh2 Qc3 37. Bxf4 Nxf4 38. Qf7 h5 39. Qxf4 hxg4 40. Qf8+ Kh7 41. Bxe4+ g6 42. Qf7+ Kh8 43. Qe8+ Kg7 44. Qxg6+ Kf8 45. Qf5+ Ke7 46. hxg4 Qb2+ 47. Bg2 Qb8+ 48. Kg1 Qg3 49. Qe4+ Kd8 50. Kf1 c5 51. Qf3 Qh4 52. Qd5+ Kc7 53. Qxc5+ Kd7 54. Bc6+ Kc7 55. Bb5+ Kb7 56. Qc6+ Kb8 57. Qd6+ Kb7 58. Bc6+ Kb6 59. Bd5+ Ka7 60. Qc7+ Ka6 61. Bc4# 1-0

[Event "Annex op"]
[Site "Toronto CAN"]
[Date "2023.09.03"]
[Round "4"]
[White "Mendes, Aaron Reeve"]
[Black "Kang, Dorian"]
[Result "0-1"]
[WhiteElo "2250"]
[BlackElo "2059"]
[PlyCount "39"]
[GameId "2160767907047400"]
[EventDate "2023.09.02"]
[EventType "swiss"]
[EventRounds "6"]
[EventCountry "CAN"]
[SourceTitle "CBM 216 Extra"]
[Source "ChessBase"]
[SourceDate "2023.11.30"]
[SourceVersion "1"]
[SourceVersionDate "2023.11.30"]
[SourceQuality "1"]

1. e4 c5 2. Nf3 Nc6 3. Bb5 g6 4. O-O Bg7 5. Bxc6 bxc6 6. d3 Nf6 7. Re1 O-O 8. e5 Nd5 9. b3 a5 10. a4 f6 11. Bb2 fxe5 12. Bxe5 d6 13. Bxg7 Kxg7 14. Nbd2 e5 15. h3 Nf4 16. Kh2 Ra7 17. Re3 Nd5 18. Re1 Raf7 19. Rf1 Nf4 20. Rh1 0-1

[Event "Annex op"]
[Site "Toronto CAN"]
[Date "2023.09.04"]
[Round "5"]
[White "Findlay, Ian"]
[Black "Mendes, Aaron Reeve"]
[Result "0-1"]
[WhiteElo "2123"]
[BlackElo "2250"]
[PlyCount "66"]
[GameId "2160767907047406"]
[EventDate "2023.09.02"]
[EventType "swiss"]
[EventRounds "6"]
[EventCountry "CAN"]
[SourceTitle "CBM 216 Extra"]
[Source "ChessBase"]
[SourceDate "2023.11.30"]
[SourceVersion "1"]
[SourceVersionDate "2023.11.30"]
[SourceQuality "1"]

1. e4 c5 2. Nf3 d6 3. d4 cxd4 4. Nxd4 Nf6 5. Nc3 a6 6. Be2 e5 7. Nb3 Be7 8. O-O O-O 9. Qd3 Be6 10. Be3 Nbd7 11. Nd5 Bxd5 12. exd5 Re8 13. c4 a5 14. Rfd1 b6 15. Nd2 g6 16. b3 Nc5 17. Qc2 Nfd7 18. a3 f5 19. b4 axb4 20. axb4 Na6 21. Rxa6 Rxa6 22. c5 Ra8 23. c6 f4 24. cxd7 Rf8 25. Bg4 fxe3 26. fxe3 Kg7 27. Nf3 Ra3 28. e4 b5 29. Qc6 Qb8 30. h4 h5 31. Be6 Rfxf3 32. d8=Q Bxd8 33. gxf3 Qa7+ 0-1

[Event "Annex op"]
[Site "Toronto CAN"]
[Date "2023.09.04"]
[Round "6"]
[White "Mendes, Aaron Reeve"]
[Black "Dukic, Zachary"]
[Result "1-0"]
[WhiteElo "2250"]
[BlackElo "2198"]
[PlyCount "95"]
[GameId "2160767907047415"]
[EventDate "2023.09.02"]
[EventType "swiss"]
[EventRounds "6"]
[EventCountry "CAN"]
[SourceTitle "CBM 216 Extra"]
[Source "ChessBase"]
[SourceDate "2023.11.30"]
[SourceVersion "1"]
[SourceVersionDate "2023.11.30"]
[SourceQuality "1"]

1. e4 c5 2. Nf3 Nc6 3. Bb5 g6 4. Bxc6 bxc6 5. O-O Bg7 6. h3 d6 7. d3 e5 8. Nbd2 f5 9. c3 Nf6 10. Re1 O-O 11. b3 Nh5 12. Nc4 Nf4 13. Bxf4 exf4 14. e5 d5 15. Ncd2 g5 16. d4 cxd4 17. cxd4 g4 18. Nh2 Qg5 19. Kh1 Be6 20. f3 h5 21. Rc1 Rfc8 22. b4 a5 23. bxa5 Rxa5 24. Rc2 Bf8 25. Nb3 Ra7 26. Qe2 Bb4 27. Rb1 Rg7 28. Nc1 Be7 29. Nd3 Kh7 30. Qd2 gxh3 31. Nxf4 hxg2+ 32. Kg1 Qh6 33. Rb7 Bg5 34. Rxg7+ Qxg7 35. Nxe6 Bxd2 36. Nxg7 Be3+ 37. Kxg2 Kxg7 38. f4 Bxd4 39. Nf3 Ba7 40. Nh4 Kf7 41. Nxf5 Rc7 42. Kf3 Ke6 43. Nd6 c5 44. Rg2 c4 45. Rg6+ Kd7 46. Nb5 Rc5 47. Rg7+ Ke6 48. Nd4# 1-0

[Event "Toronto op"]
[Site "Toronto CAN"]
[Date "2023.09.02"]
[Round "2"]
[White "Zomorrodian, Eilia"]
[Black "Mendes, Aaron Reeve"]
[Result "0-1"]
[WhiteElo "2109"]
[BlackElo "2250"]
[PlyCount "113"]
[GameId "2160767907059774"]
[EventDate "2023.09.02"]
[EventType "swiss"]
[EventRounds "6"]
[EventCountry "CAN"]

1. Nf3 d5 2. g3 Nd7 3. Bg2 Nb6 4. O-O Nf6 5. b3 Bf5 6. d3 e6 7. c4 c6 8. Bb2 Be7 9. Nbd2 O-O 10. Re1 a5 11. a3 a4 12. e4 Bg6 13. b4 c5 14. b5 Nfd7 15. Qe2 Bf6 16. e5 Be7 17. Rad1 Qb8 18. Nf1 Bxd3 19. Qxd3 Nxc4 20. Ba1 Na5 21. Nh4 Nb6 22. f4 Nb3 23. f5 c4 24. Qf3 Bxa3 25. Ne3 Nxa1 26. Rxa1 Bb2 27. Ng4 Bxa1 28. Rxa1 Nd7 29. Qf4 Qd8 30. f6 gxf6 31. exf6 Kh8 32. Nf3 Rg8 33. Ng5 Qf8 34. Nh6 Rxg5 35. Qxg5 a3 36. Bf3 Ne5 37. Bh5 c3 38. Qxe5 Qxh6 39. Qxc3 Qxh5 40. Rxa3 Rg8 41. Ra7 Qd1+ 42. Kf2 d4 43. Qf3 Qc2+ 44. Qe2 d3 45. Qxc2 dxc2 46. Ra1 Rc8 47. Rc1 h6 48. Ke3 Kh7 49. Ke4 Kg6 50. Ke5 Rc5+ 51. Kd6 b6 52. Ke7 e5 53. g4 e4 54. h4 Re5+ 55. Kd6 Re6+ 56. Kd5 e3 57. Kd4 0-1

[Event "CAN op"]
[Site "Calgary CAN"]
[Date "2023.07.22"]
[Round "1.17"]
[White "Mendes, Aaron Reeve"]
[Black "Xu, Leon"]
[Result "1-0"]
[WhiteElo "2305"]
[BlackElo "1811"]
[PlyCount "111"]
[GameId "2160767907085055"]
[EventDate "2023.07.22"]
[EventType "swiss"]
[EventRounds "10"]
[EventCountry "CAN"]

1. e4 e6 2. Nf3 d5 3. Nc3 dxe4 4. Nxe4 Nd7 5. d4 Ngf6 6. Bd3 Nxe4 7. Bxe4 Nf6 8. Bd3 Bd7 9. O-O c5 10. dxc5 Bxc5 11. Ne5 h6 12. Qf3 Bd6 13. Bf4 Bxe5 14. Bxe5 Bc6 15. Qg3 Nh5 16. Qh3 Qd5 17. Rae1 Nf6 18. c4 Qd7 19. Rd1 O-O-O 20. Qe3 Ng4 21. Qxa7 Nxe5 22. Qa8+ Kc7 23. Qa5+ Kc8 24. Qxe5 Qd4 25. Qxd4 Rxd4 26. Be2 Rhd8 27. Rxd4 Rxd4 28. Rd1 Re4 29. Kf1 h5 30. Bxh5 g6 31. Be2 Re5 32. Rd2 Rg5 33. g3 Ra5 34. a3 Kc7 35. h4 Ra8 36. f4 e5 37. fxe5 Re8 38. Kf2 Rxe5 39. Bf3 Rf5 40. Rd3 Bd7 41. g4 Rf4 42. Kg3 Rxc4 43. Rc3 Rxc3 44. bxc3 b6 45. h5 gxh5 46. gxh5 Bf5 47. Kf4 Bh7 48. Be4 Bg8 49. Ke5 f5 50. Bxf5 Kc6 51. Kf6 Kb5 52. h6 Kc4 53. Be6+ Bxe6 54. Kxe6 Kxc3 55. h7 Kb3 56. h8=Q 1-0

[Event "CAN op"]
[Site "Calgary CAN"]
[Date "2023.07.23"]
[Round "2.16"]
[White "Moses, Neil"]
[Black "Mendes, Aaron Reeve"]
[Result "0-1"]
[WhiteElo "1985"]
[BlackElo "2305"]
[PlyCount "80"]
[GameId "2160767907085112"]
[EventDate "2023.07.22"]
[EventType "swiss"]
[EventRounds "10"]
[EventCountry "CAN"]

1. d4 d5 2. c4 c6 3. e3 Nf6 4. Nc3 e6 5. Nf3 Bd6 6. Bd3 Nbd7 7. O-O dxc4 8. Bxc4 b5 9. Bd3 b4 10. Nb1 c5 11. dxc5 Bxc5 12. Nbd2 O-O 13. Nc4 Bb7 14. b3 Nb6 15. Nce5 h6 16. Bb2 Qe7 17. Qe2 a5 18. Rfd1 a4 19. Rac1 Rfc8 20. Nd4 Nbd5 21. Bb1 Bxd4 22. Bxd4 axb3 23. axb3 Nc3 24. Bxc3 bxc3 25. Nc4 Qb4 26. Nd6 Rc6 27. Nxb7 Qxb7 28. Bc2 Qb6 29. Qd3 g6 30. e4 e5 31. Qg3 Ra2 32. h3 Qc5 33. b4 Qb5 34. Bd3 Qxb4 35. Qxe5 Rd2 36. Qf4 Rd6 37. Bc2 Rxc2 38. Rxd6 Rxc1+ 39. Qxc1 Qxd6 40. Qxc3 Nxe4 0-1

[Event "CAN op"]
[Site "Calgary CAN"]
[Date "2023.07.23"]
[Round "3.2"]
[White "Bareev, Evgeny"]
[Black "Mendes, Aaron Reeve"]
[Result "1/2-1/2"]
[WhiteElo "2721"]
[BlackElo "2305"]
[PlyCount "65"]
[GameId "2160767907085166"]
[EventDate "2023.07.22"]
[EventType "swiss"]
[EventRounds "10"]
[EventCountry "CAN"]

1. d4 d5 2. c4 c6 3. Nf3 Nf6 4. e3 e6 5. b3 Nbd7 6. Nbd2 Bd6 7. Bb2 O-O 8. Bd3 b6 9. O-O Bb7 10. Qe2 c5 11. cxd5 exd5 12. Rfd1 Qe7 13. Rac1 Rac8 14. Nf1 Rc7 15. Ng3 g6 16. Rc2 Rfc8 17. Rdc1 Ne4 18. dxc5 Nxg3 19. hxg3 bxc5 20. Qd2 Ne5 21. Be2 f6 22. Ba3 Kg7 23. Nxe5 fxe5 24. Bf3 Qe6 25. Bxd5 Qxd5 26. Qxd5 Bxd5 27. Rd2 Bxb3 28. Rxd6 Bxa2 29. Bb2 Bf7 30. Bxe5+ Kg8 31. Rcd1 Re7 32. Bc3 Be8 33. Rd8 1/2-1/2

[Event "CAN op"]
[Site "Calgary CAN"]
[Date "2023.07.24"]
[Round "4.10"]
[White "Mendes, Aaron Reeve"]
[Black "Hoekman, Samuel"]
[Result "1-0"]
[WhiteElo "2305"]
[BlackElo "2005"]
[PlyCount "85"]
[GameId "2160767907085240"]
[EventDate "2023.07.22"]
[EventType "swiss"]
[EventRounds "10"]
[EventCountry "CAN"]

1. e4 e6 2. Nf3 d5 3. Nc3 Nf6 4. e5 Nfd7 5. d4 c5 6. Ne2 cxd4 7. Nexd4 Nc6 8. Bf4 Be7 9. h4 Qb6 10. Rb1 a6 11. c3 Qc7 12. Qe2 b5 13. g3 Nb6 14. Nxc6 Qxc6 15. Nd4 Qc7 16. Qg4 Kf8 17. Bd3 Na4 18. O-O Nc5 19. Bc2 h5 20. Qe2 Bd7 21. Kg2 Rc8 22. Rh1 Nb7 23. a3 Na5 24. Rbg1 Nc6 25. Bd3 Qa7 26. Qf3 Bc5 27. g4 Bxd4 28. cxd4 Qxd4 29. Qg3 hxg4 30. h5 Ne7 31. h6 g6 32. Rd1 Qa7 33. h7 Qa8 34. Qxg4 d4+ 35. Kg3 Bc6 36. Rh2 Ke8 37. Bg5 Nd5 38. Qxd4 Qb7 39. Be4 Ne7 40. f3 Nd5 41. Bxd5 Bxd5 42. Bf6 Kd7 43. Qb4 1-0

[Event "CAN op"]
[Site "Calgary CAN"]
[Date "2023.07.26"]
[Round "6.4"]
[White "Mendes, Aaron Reeve"]
[Black "Nyzhnyk, Iliya"]
[Result "1/2-1/2"]
[WhiteElo "2305"]
[BlackElo "2642"]
[PlyCount "108"]
[GameId "2160767907093563"]
[EventDate "2023.07.22"]
[EventType "swiss"]
[EventRounds "10"]
[EventCountry "CAN"]

1. e4 c5 2. Nf3 d6 3. Bb5+ Bd7 4. Bxd7+ Qxd7 5. O-O Nf6 6. Re1 Nc6 7. c3 e6 8. d4 cxd4 9. cxd4 d5 10. e5 Ne4 11. Nbd2 Nxd2 12. Bxd2 Rc8 13. Rc1 Be7 14. Rc3 Bd8 15. h4 Bb6 16. Rd3 h5 17. Bc3 Ne7 18. Bb4 Nf5 19. Re2 Qb5 20. Ba3 Rc6 21. Red2 f6 22. Kh2 Kd7 23. Rb3 Qa6 24. g3 Ba5 25. Rdd3 b6 26. Bb4 Bxb4 27. Rxb4 Rc1 28. Qb3 Ra8 29. Ra4 Qc8 30. Rc3 Rxc3 31. bxc3 Qc6 32. Ne1 a5 33. Ra3 Nh6 34. exf6 gxf6 35. Qc2 Nf5 36. Rb3 a4 37. Rb4 Rc8 38. Rxa4 Qxc3 39. Ra7+ Kd6 40. Qa4 Nxd4 41. Rd7+ Ke5 42. Qd1 f5 43. Nd3+ Ke4 44. Nf4 Ke5 45. Nd3+ Ke4 46. Nf4 Rc6 47. Kh3 Ke5 48. Nd3+ Ke4 49. Nf4 b5 50. a3 Ke5 51. Nd3+ Ke4 52. Nf4 Ke5 53. Nd3+ Ke4 54. Nf4 Ke5 1/2-1/2

[Event "CAN op"]
[Site "Calgary CAN"]
[Date "2023.07.27"]
[Round "7.6"]
[White "Mendes, Aaron Reeve"]
[Black "Han, Johnathan"]
[Result "1-0"]
[WhiteElo "2305"]
[BlackElo "2404"]
[PlyCount "87"]
[GameId "2160767907093631"]
[EventDate "2023.07.22"]
[EventType "swiss"]
[EventRounds "10"]
[EventCountry "CAN"]

1. e4 c5 2. Nf3 d6 3. Bb5+ Nd7 4. d4 cxd4 5. Nxd4 Ngf6 6. O-O a6 7. Bd3 Nc5 8. Nc3 g6 9. Nb3 Nxd3 10. cxd3 Bg7 11. d4 d5 12. e5 Nd7 13. Nxd5 Nb6 14. Nc3 O-O 15. Bg5 Re8 16. Qf3 Rb8 17. Rfd1 Nc4 18. Qe2 b5 19. Nc5 Nb6 20. a3 Nd5 21. N3e4 Qb6 22. Qf3 Bf5 23. g4 Bc8 24. h3 Rd8 25. Nd6 Rxd6 26. exd6 Qxd6 27. Bh4 Rb6 28. Rac1 Qd8 29. a4 h6 30. axb5 Rxb5 31. Rc2 Rb4 32. Re2 g5 33. Bg3 e6 34. Be5 Qb6 35. Rc1 Bb7 36. Qg3 Bxe5 37. Qxe5 Nf4 38. Rec2 Qc6 39. Ne4 Ne2+ 40. Kh2 Nxc1 41. Rxc6 Bxc6 42. Nf6+ Kf8 43. Qc5+ Kg7 44. Nh5+ 1-0

[Event "CAN op"]
[Site "Calgary CAN"]
[Date "2023.07.28"]
[Round "8.4"]
[White "Gupta, Abhijeet"]
[Black "Mendes, Aaron Reeve"]
[Result "1-0"]
[WhiteElo "2629"]
[BlackElo "2305"]
[PlyCount "77"]
[GameId "2160767907093693"]
[EventDate "2023.07.22"]
[EventType "swiss"]
[EventRounds "10"]
[EventCountry "CAN"]

1. d4 d5 2. c4 c6 3. Nf3 Nf6 4. Nc3 dxc4 5. e4 b5 6. Be2 b4 7. Na4 Nxe4 8. Bxc4 e6 9. O-O Be7 10. Re1 Nf6 11. Bf4 O-O 12. Rc1 Nd5 13. Bg3 Nd7 14. Bd3 Bb7 15. Qc2 h6 16. Qe2 Qa5 17. b3 Nc3 18. Nxc3 bxc3 19. Ne5 Nf6 20. Rcd1 c5 21. Nc4 Qb5 22. Nd6 Qc6 23. Nxb7 Qxb7 24. dxc5 Bxc5 25. Be5 Nd5 26. Bc4 Rad8 27. Rd3 Ne7 28. Red1 Rxd3 29. Rxd3 Ng6 30. Bxc3 a5 31. h4 Nxh4 32. Rg3 Nf5 33. Qe5 Bxf2+ 34. Kxf2 Qb6+ 35. Ke1 Qg1+ 36. Bf1 Rc8 37. Rxg7+ Kf8 38. Rg8+ Kxg8 39. Qh8# 1-0

[Event "CAN op"]
[Site "Calgary CAN"]
[Date "2023.07.30"]
[Round "10"]
[White "Bitan, Banerjee"]
[Black "Mendes, Aaron Reeve"]
[Result "1/2-1/2"]
[WhiteElo "2397"]
[BlackElo "2134"]
[PlyCount "66"]
[GameId "2160767907101999"]
[EventDate "2023.07.22"]
[EventType "swiss"]
[EventRounds "10"]
[EventCountry "CAN"]
[SourceTitle "CBM 215 Extra"]
[Source "ChessBase"]
[SourceDate "2023.09.30"]
[SourceVersion "1"]
[SourceVersionDate "2023.09.30"]
[SourceQuality "1"]

1. c4 e5 2. Nc3 Nf6 3. Nf3 Nc6 4. g3 d5 5. cxd5 Nxd5 6. Bg2 Nxc3 7. bxc3 e4 8. Ng1 Bf5 9. Qa4 Qd5 10. Rb1 Bc5 11. Rb5 a6 12. Rxb7 Bb6 13. Nh3 Qb5 14. Qxb5 axb5 15. Ng5 Nd8 16. Rxb6 cxb6 17. Nxe4 Bxe4 18. Bxe4 Rxa2 19. d4 Kd7 20. Bd3 Kc6 21. e4 Nb7 22. O-O Nd6 23. Be3 Nc4 24. d5+ Kd6 25. Bxc4 bxc4 26. Rb1 Ra6 27. Rb5 Re8 28. f3 f5 29. Bf4+ Kd7 30. e5 Ra5 31. e6+ Ke7 32. Bg5+ Kd6 33. Bf4+ Ke7 1/2-1/2

[Event "CAN-ch U20"]
[Site "Toronto CAN"]
[Date "2023.07.06"]
[Round "1.6"]
[White "Ruchinskaya, Valerie"]
[Black "Mendes, Aaron Reeve"]
[Result "0-1"]
[WhiteElo "1936"]
[BlackElo "2305"]
[PlyCount "78"]
[GameId "2160767907140288"]
[EventDate "2023.07.06"]
[EventType "swiss"]
[EventRounds "8"]
[EventCountry "CAN"]

1. d4 Nf6 2. Bf4 g6 3. Nc3 d5 4. Qd2 Bg7 5. O-O-O O-O 6. Bh6 c6 7. Bxg7 Kxg7 8. f3 b5 9. e4 b4 10. e5 bxc3 11. exf6+ exf6 12. Qxc3 Re8 13. Bd3 Ba6 14. Nh3 Bxd3 15. Qxd3 Qa5 16. Kb1 Nd7 17. Qd2 Qb5 18. Nf4 Nb6 19. Rhe1 a5 20. Qd3 Nc4 21. b3 Qb4 22. c3 Qa3 23. Qc2 Ne3 24. Qc1 Nxd1 25. Qxa3 Rxe1 26. Kc2 Ne3+ 27. Kd2 Re8 28. Qa4 Nxg2 29. Nxg2 R8e2+ 30. Kd3 Rxg2 31. Qxc6 Rxh2 32. Qxd5 Rxa2 33. b4 Rd1+ 34. Ke3 Ra3 35. Ke2 Rb1 36. b5 Rxc3 37. b6 Rxb6 38. Qxa5 Rb2+ 39. Kd1 Rxf3 0-1

[Event "CAN-ch U20"]
[Site "Toronto CAN"]
[Date "2023.07.06"]
[Round "2.3"]
[White "Mendes, Aaron Reeve"]
[Black "Yuen, Noah"]
[Result "1-0"]
[WhiteElo "2305"]
[BlackElo "2111"]
[PlyCount "93"]
[GameId "2160767907140296"]
[EventDate "2023.07.06"]
[EventType "swiss"]
[EventRounds "8"]
[EventCountry "CAN"]

1. e4 c5 2. Nf3 Nc6 3. Bb5 g6 4. O-O Bg7 5. d3 e5 6. Bxc6 bxc6 7. c3 Ne7 8. Be3 d6 9. d4 cxd4 10. cxd4 Bg4 11. dxe5 Bxe5 12. Nc3 O-O 13. h3 Bxf3 14. Qxf3 Rb8 15. Rab1 Qa5 16. Bf4 Rfe8 17. Bxe5 Qxe5 18. Qe3 Nc8 19. f4 Qa5 20. Kh1 f5 21. Qd3 fxe4 22. Qc4+ d5 23. Qxc6 Ne7 24. Qe6+ Kg7 25. Qe5+ Kg8 26. Nxe4 Nf5 27. Nf6+ Kf7 28. Nxe8 Rxe8 29. Qc3 Qxc3 30. bxc3 Ng3+ 31. Kg1 Nxf1 32. Kxf1 Re7 33. Rd1 Rd7 34. c4 Ke6 35. Rxd5 Rxd5 36. cxd5+ Kxd5 37. Ke2 Ke4 38. g3 h5 39. h4 a5 40. a4 Kf5 41. Kf3 Kf6 42. g4 hxg4+ 43. Kxg4 Kg7 44. Kg5 Kh7 45. f5 gxf5 46. Kxf5 Kh6 47. Ke5 1-0

[Event "CAN-ch U20"]
[Site "Toronto CAN"]
[Date "2023.07.07"]
[Round "3.1"]
[White "Han, Johnathan"]
[Black "Mendes, Aaron Reeve"]
[Result "1-0"]
[WhiteElo "2373"]
[BlackElo "2305"]
[PlyCount "137"]
[GameId "2160767907140305"]
[EventDate "2023.07.06"]
[EventType "swiss"]
[EventRounds "8"]
[EventCountry "CAN"]

1. e4 c5 2. Nf3 d6 3. d4 cxd4 4. Nxd4 Nf6 5. Nc3 a6 6. Bg5 e6 7. f4 Be7 8. Qf3 Qc7 9. O-O-O Nbd7 10. g4 b5 11. Bxf6 Nxf6 12. g5 Nd7 13. f5 O-O 14. Rg1 Ne5 15. Qg3 Bd7 16. f6 Bd8 17. fxg7 Re8 18. h4 Rc8 19. h5 Be7 20. Bh3 Qc4 21. Kb1 Kxg7 22. Nce2 Rg8 23. Qf2 Kh8 24. Qe3 Qb4 25. Nb3 Rc4 26. Rd4 Rxd4 27. Nexd4 Nc4 28. Qf2 Ne5 29. Qe3 Nc4 30. Qf2 Ne5 31. Qf4 a5 32. c3 Qc4 33. Bf1 Qc7 34. Nf3 a4 35. Nbd4 a3 36. Nxe5 dxe5 37. Qxf7 Qd6 38. h6 exd4 39. e5 Be8 40. Qxg8+ Kxg8 41. exd6 dxc3 42. Bd3 Bxd6 43. g6 hxg6 44. Bxg6 Bxg6+ 45. Rxg6+ Kh7 46. Rxe6 Bb4 47. bxc3 Bxc3 48. Kc2 b4 49. Rb6 Be1 50. Kb3 Bd2 51. Rxb4 Bxh6 52. Rh4 Kg6 53. Rxh6+ Kxh6 54. Kxa3 Kg5 55. Kb4 Kf6 56. Kc5 Ke7 57. Kc6 Kd8 58. Kb7 Kd7 59. a4 Ke7 60. a5 Kd7 61. a6 Kd6 62. a7 Kc5 63. a8=Q Kb4 64. Kb6 Kb3 65. Kc5 Kb2 66. Kc4 Kc1 67. Kc3 Kb1 68. Qa7 Kc1 69. Qg1# 1-0

[Event "CAN-ch U20"]
[Site "Toronto CAN"]
[Date "2023.07.07"]
[Round "4.4"]
[White "Mendes, Aaron Reeve"]
[Black "Gao, Heye"]
[Result "1-0"]
[WhiteElo "2305"]
[BlackElo "1821"]
[PlyCount "87"]
[GameId "2160767907140319"]
[EventDate "2023.07.06"]
[EventType "swiss"]
[EventRounds "8"]
[EventCountry "CAN"]

1. e4 e5 2. Nf3 Nc6 3. d4 exd4 4. Nxd4 Nf6 5. Nxc6 bxc6 6. Nd2 d5 7. Bd3 Bc5 8. O-O O-O 9. h3 Re8 10. exd5 cxd5 11. Nb3 Bd6 12. Bg5 h6 13. Bh4 Bd7 14. c4 dxc4 15. Bxc4 Rb8 16. Qd4 g5 17. Bg3 Re4 18. Qd3 Rxc4 19. Qxc4 Bb5 20. Qc2 Bxf1 21. Rxf1 Nh5 22. Bxd6 cxd6 23. Rd1 Qb6 24. h4 Nf4 25. Qf5 Ne6 26. Qf6 Qb4 27. Qxh6 gxh4 28. Qe3 Rb6 29. Nd4 Qc5 30. b3 a6 31. Qe4 Qh5 32. Rc1 d5 33. Qe3 Qg4 34. Nf5 d4 35. Qe5 Nf8 36. f3 Re6 37. Qxe6 fxe6 38. fxg4 exf5 39. gxf5 Kf7 40. Rc6 Ke7 41. Rxa6 d3 42. Kf2 Nd7 43. Ke3 Ne5 44. Re6+ 1-0

[Event "CAN-ch U20"]
[Site "Toronto CAN"]
[Date "2023.07.08"]
[Round "5.2"]
[White "Hua, Eugene"]
[Black "Mendes, Aaron Reeve"]
[Result "1/2-1/2"]
[WhiteElo "2370"]
[BlackElo "2305"]
[PlyCount "84"]
[GameId "2160767907140328"]
[EventDate "2023.07.06"]
[EventType "swiss"]
[EventRounds "8"]
[EventCountry "CAN"]

1. Nf3 d5 2. g3 Nf6 3. Bg2 e6 4. c4 c6 5. O-O Bd6 6. d4 O-O 7. Nc3 Nbd7 8. Nd2 h6 9. b3 Re8 10. Bb2 e5 11. cxd5 exd4 12. Nce4 Be5 13. dxc6 bxc6 14. Nxf6+ Bxf6 15. Nc4 Nb8 16. e3 dxe3 17. Qxd8 exf2+ 18. Rxf2 Rxd8 19. Bxf6 gxf6 20. Rxf6 Kg7 21. Raf1 Be6 22. Ne5 Rf8 23. b4 a6 24. a4 Ra7 25. Nxc6 Nxc6 26. Bxc6 Bc4 27. R1f4 Rb8 28. Rd6 Rxb4 29. Rg4+ Kf8 30. Rxh6 Rb1+ 31. Kf2 Rb2+ 32. Ke3 Be6 33. Rh8+ Ke7 34. Rd4 Rc7 35. Be4 Rc3+ 36. Rd3 Rc4 37. h4 Rxa4 38. h5 Rb5 39. Rd4 Rb3+ 40. Rd3 Rb5 41. Rd4 Rb3+ 42. Rd3 Rb5 1/2-1/2

[Event "CAN-ch U20"]
[Site "Toronto CAN"]
[Date "2023.07.08"]
[Round "6.2"]
[White "Mendes, Aaron Reeve"]
[Black "Chen, Max"]
[Result "0-1"]
[WhiteElo "2305"]
[BlackElo "2332"]
[PlyCount "124"]
[GameId "2160767907140339"]
[EventDate "2023.07.06"]
[EventType "swiss"]
[EventRounds "8"]
[EventCountry "CAN"]

1. e4 c6 2. c4 d5 3. cxd5 cxd5 4. exd5 Nf6 5. Nc3 Nxd5 6. Nf3 Nc6 7. Bb5 e6 8. O-O Be7 9. d4 O-O 10. a3 a6 11. Bd3 Bf6 12. Bc2 b5 13. Ne4 Be7 14. Qd3 b4 15. Ne5 Qc7 16. Nc3 Nf6 17. Bf4 Rd8 18. Ne2 Qb6 19. Nxc6 Qxc6 20. Rac1 Qb5 21. a4 Qxd3 22. Bxd3 Nd5 23. Bg3 Bb7 24. h3 Rd7 25. Rfd1 Rad8 26. a5 h6 27. b3 Bf6 28. Be5 Bxe5 29. dxe5 Ne7 30. Bc2 Rxd1+ 31. Rxd1 Rxd1+ 32. Bxd1 Nc6 33. f4 Nxa5 34. Nd4 Bd5 35. Kf2 Kf8 36. g3 Ke7 37. Ke3 Kd7 38. Be2 Nxb3 39. Nxb3 Bxb3 40. Bxa6 Kc6 41. Kd4 Kb6 42. Bd3 Ka5 43. Kc5 Bd1 44. Bc4 b3 45. Bxb3 Bxb3 46. Kd6 f6 47. exf6 gxf6 48. g4 Kb4 49. h4 Kc3 50. h5 Kd4 51. Ke7 e5 52. f5 e4 53. Kxf6 e3 54. g5 e2 55. Kg6 hxg5 56. h6 e1=Q 57. h7 Qe8+ 58. Kxg5 Qh8 59. Kg6 Ke5 60. Kh5 Kxf5 61. Kh6 Qf6+ 62. Kh5 Bd1# 0-1

[Event "CAN-ch U20"]
[Site "Toronto CAN"]
[Date "2023.07.09"]
[Round "7.3"]
[White "Demchenko, Svitlana"]
[Black "Mendes, Aaron Reeve"]
[Result "1/2-1/2"]
[WhiteElo "2301"]
[BlackElo "2305"]
[PlyCount "124"]
[GameId "2160767907140351"]
[EventDate "2023.07.06"]
[EventType "swiss"]
[EventRounds "8"]
[EventCountry "CAN"]

1. e4 c5 2. Nf3 d6 3. Bb5+ Bd7 4. Bxd7+ Qxd7 5. O-O Nc6 6. c3 Nf6 7. Re1 e6 8. d4 cxd4 9. cxd4 d5 10. e5 Ne4 11. Nbd2 Nxd2 12. Bxd2 Be7 13. Rc1 O-O 14. Rc3 Rfc8 15. h4 Bd8 16. Rd3 Ne7 17. h5 Nf5 18. g4 Ne7 19. h6 a6 20. hxg7 Qb5 21. Qb1 Ng6 22. Kh2 Rc7 23. Kg3 Rac8 24. Bc3 a5 25. Rh1 a4 26. a3 f6 27. exf6 Bxf6 28. Re3 Re8 29. g5 Bxg7 30. Nh4 Nxh4 31. Rxh4 Bf8 32. Qe1 Qc6 33. f4 Rf7 34. Kf3 Qd7 35. Qg1 Rg7 36. Qg4 Qf7 37. Qh5 Rg6 38. Ke2 Re7 39. Bb4 Rc7 40. Bxf8 Qxf8 41. Kf3 Qf5 42. Qg4 Qb1 43. Rh2 Qd1+ 44. Rhe2 Re7 45. Qh3 Qxd4 46. Qg4 Qd1 47. Kg3 d4 48. Re4 d3 49. Re1 Qb3 50. R1e3 Rd7 51. Kh4 Qxb2 52. Rxe6 Qh2+ 53. Rh3 Qf2+ 54. Kh5 Qd4 55. Rhe3 d2 56. Re8+ Kg7 57. Qxd7+ Qxd7 58. R3e7+ Qxe7 59. Rxe7+ Kf8 60. Rd7 Rc6 61. Rxd2 Rc3 62. Rd8+ Kg7 1/2-1/2

[Event "CAN-ch U20"]
[Site "Toronto CAN"]
[Date "2023.07.09"]
[Round "8.4"]
[White "Mendes, Aaron Reeve"]
[Black "Srinivasan, Hermant"]
[Result "1-0"]
[WhiteElo "2305"]
[BlackElo "2228"]
[PlyCount "61"]
[GameId "2160767907140362"]
[EventDate "2023.07.06"]
[EventType "swiss"]
[EventRounds "8"]
[EventCountry "CAN"]

1. e4 c6 2. c4 d5 3. exd5 cxd5 4. cxd5 Nf6 5. Nc3 Nxd5 6. Nf3 Nc6 7. Bb5 e6 8. O-O Be7 9. d4 O-O 10. h3 a6 11. Bd3 b5 12. Be4 h6 13. a3 Bf6 14. Nxd5 exd5 15. Bc2 Re8 16. Qd3 g6 17. Qc3 Qb6 18. Be3 Bd7 19. Rad1 Rac8 20. Qd2 Kh7 21. Ne5 Bxe5 22. dxe5 Qc7 23. f4 d4 24. Bf2 Red8 25. Bh4 Rf8 26. Be4 Qa7 27. Kh1 Qc7 28. Qf2 a5 29. Bf6 Qb6 30. Qh4 Rfe8 31. Bg5 1-0

[Event "Excelsior June op"]
[Site "Toronto CAN"]
[Date "2023.06.23"]
[Round "1.7"]
[White "Mendes, Aaron Reeve"]
[Black "Kim, Noah"]
[Result "1-0"]
[WhiteElo "2215"]
[BlackElo "1972"]
[PlyCount "47"]
[GameId "2160767907140910"]
[EventDate "2023.06.23"]
[EventType "swiss"]
[EventRounds "5"]
[EventCountry "CAN"]

1. e4 c6 2. c4 d5 3. exd5 cxd5 4. cxd5 Nf6 5. Nc3 Nxd5 6. Nf3 g6 7. d4 Bg7 8. Bc4 Nb6 9. Bb3 O-O 10. O-O Nc6 11. d5 Na5 12. Re1 Nxb3 13. Qxb3 Bg4 14. Ne5 Bf5 15. Bf4 e6 16. Nxf7 Rxf7 17. dxe6 Bxe6 18. Rxe6 Bxc3 19. bxc3 Qd7 20. Rd1 Qa4 21. Be3 Qg4 22. Rd4 Qf5 23. Rf4 Qd5 24. Rxb6 1-0